000 00606nam a2200181Ia 4500
005 20250508154539.0
008 008 250505s9999 xx 000 0 eng d
037 _aTextual
040 _aFEDL
_beng
_cFEDL
041 _aeng
_2eng
084 _a904, IYE
_qFEDL
100 _aIyer Raghavan Ed.
245 0 _aGlass curtain between Asia and Europe: A symposium on the historical encounters and the changing attitudes of the people of the East and the West
260 _aLondon, UK
_bOxford Univeristy Press
_c1965
300 _a356p.
942 _cTEXL
_h904, IYE
999 _c1350844
_d1350844